000 00278nmm a2200085Ia 4500
008 220120s9999||||xx |||||||||||||||||und||
100 _aWaldron, Kenneth, J and Kinzel, Gary, L
_98795
245 0 _aKinematics, dynamics and design of machinery
260 _aTata mcgraw hill company Ltd
999 _c139785
_d139785